<?xml version="1.0" encoding="UTF-8"?><marc:collection xmlns:marc="http://www.loc.gov/MARC21/slim">
  <marc:record>
    <marc:leader>00000nam  2200000za 4500</marc:leader>
    <marc:controlfield tag="001">9.821880</marc:controlfield>
    <marc:controlfield tag="003">CaOODSP</marc:controlfield>
    <marc:controlfield tag="005">20221107143549</marc:controlfield>
    <marc:controlfield tag="007">cr |||||||||||</marc:controlfield>
    <marc:controlfield tag="008">170206s2016    oncao   ob   f000 0 fre d</marc:controlfield>
    <marc:datafield tag="020" ind1=" " ind2=" ">
      <marc:subfield code="a">978-0-660-05971-6</marc:subfield>
    </marc:datafield>
    <marc:datafield tag="040" ind1=" " ind2=" ">
      <marc:subfield code="a">CaOODSP</marc:subfield>
      <marc:subfield code="b">fre</marc:subfield>
    </marc:datafield>
    <marc:datafield tag="043" ind1=" " ind2=" ">
      <marc:subfield code="a">n-cn---</marc:subfield>
    </marc:datafield>
    <marc:datafield tag="086" ind1="1" ind2=" ">
      <marc:subfield code="a">T86-18/2016F-PDF</marc:subfield>
    </marc:datafield>
    <marc:datafield tag="245" ind1="0" ind2="0">
      <marc:subfield code="a">Groupe de travail sur les interventions d'urgence de Transports Canada </marc:subfield>
      <marc:subfield code="h">[ressource électronique] : </marc:subfield>
      <marc:subfield code="b">rapport final et recommandations : stratégie intégrée pour améliorer l’intervention lors d’incidents de transport de marchandises dangereuses au Canada.</marc:subfield>
    </marc:datafield>
    <marc:datafield tag="246" ind1="3" ind2="0">
      <marc:subfield code="a">Stratégie intégrée pour améliorer l’intervention lors d’incidents de transport de marchandises dangereuses au Canada</marc:subfield>
    </marc:datafield>
    <marc:datafield tag="246" ind1="1" ind2="4">
      <marc:subfield code="a">Groupe de travail sur les interventions d'urgence : </marc:subfield>
      <marc:subfield code="b">rapport final et recommandations : stratégie intégrée pour améliorer l’intervention lors d’incidents de transport de marchandises dangereuses au Canada</marc:subfield>
    </marc:datafield>
    <marc:datafield tag="260" ind1=" " ind2=" ">
      <marc:subfield code="a">Ottawa : </marc:subfield>
      <marc:subfield code="b">Transports Canada, </marc:subfield>
      <marc:subfield code="c">c2016.</marc:subfield>
    </marc:datafield>
    <marc:datafield tag="300" ind1=" " ind2=" ">
      <marc:subfield code="a">ii, 104 p. : </marc:subfield>
      <marc:subfield code="b">ill. en coul.</marc:subfield>
    </marc:datafield>
    <marc:datafield tag="500" ind1=" " ind2=" ">
      <marc:subfield code="a">Publ. aussi en anglais sous le titre : Transport Canada Emergency Response Task Force: final report and recommendations: a comprehensive strategy for improving transportation of dangerous goods incident response in Canada.</marc:subfield>
    </marc:datafield>
    <marc:datafield tag="500" ind1=" " ind2=" ">
      <marc:subfield code="a">« Présenté à la directrice générale, Transport des marchandises dangereuses, le 13 juillet 2016. »</marc:subfield>
    </marc:datafield>
    <marc:datafield tag="504" ind1=" " ind2=" ">
      <marc:subfield code="a">Comprend des références bibliographiques.</marc:subfield>
    </marc:datafield>
    <marc:datafield tag="505" ind1="0" ind2=" ">
      <marc:subfield code="a">1. Sommaire -- 2. Réflexions du président et du vice-président -- 3. Glossaire -- 4. Introduction -- 5. Conclusions et recommandations du GTIU -- 6. Importance du réseautage -- 7. Prochaine étape -- 8. Conclusion -- Annexe A. Liste des recommandations du GTIU -- Annexe B. Representation des organismes membres du GTIU -- Annexe C. Liste des présentations -- Annexe D. Flammable Conseiller technique en matiere de liquides inflammables : profil de competences -- Annexe E. Matières de la classe 3 (GE II, II et III) de priorités 2 à 4 pour ce qui est du potentiel d’inclusion dans le programme de PIU -- Annexe F. Incidents ferroviaires mettant en cause des marchandises dangereuses – tableau des rôles et des responsabilité -- Annexe G. Protocole d’intervention d’urgence pour les liquides inflammables – une approche disciplinée.</marc:subfield>
    </marc:datafield>
    <marc:datafield tag="520" ind1=" " ind2=" ">
      <marc:subfield code="a">« Le Groupe de travail sur les interventions d’urgence (GTIU) présente ce rapport final à la Direction générale du Transport des marchandises dangereuses de Transports Canada. Il contient 40 recommandations visant l’amélioration du soutien à l’intervention d’urgence en cas d’incidents mettant en cause des liquides inflammables transportés par train. Les recommandations du GTIU abordent trois principaux secteurs qui visent : l’amélioration du programme de plan d’intervention d’urgence (PIU), l’extension des exigences en matière de PIU à d’autres liquides inflammables, l’amélioration des interventions d’urgence, l’état de préparation aux situations d’urgence ainsi que la formation »--Sommaire, p. 1.</marc:subfield>
    </marc:datafield>
    <marc:datafield tag="692" ind1="0" ind2="7">
      <marc:subfield code="2">gccst</marc:subfield>
      <marc:subfield code="a">Transport des matières dangereuses</marc:subfield>
    </marc:datafield>
    <marc:datafield tag="692" ind1="0" ind2="7">
      <marc:subfield code="2">gccst</marc:subfield>
      <marc:subfield code="a">Accident ferroviaire</marc:subfield>
    </marc:datafield>
    <marc:datafield tag="692" ind1="0" ind2="7">
      <marc:subfield code="2">gccst</marc:subfield>
      <marc:subfield code="a">Protection civile</marc:subfield>
    </marc:datafield>
    <marc:datafield tag="710" ind1="1" ind2=" ">
      <marc:subfield code="a">Canada. </marc:subfield>
      <marc:subfield code="b">Transports Canada.</marc:subfield>
    </marc:datafield>
    <marc:datafield tag="710" ind1="1" ind2=" ">
      <marc:subfield code="a">Canada.</marc:subfield>
      <marc:subfield code="b">Transports Canada.</marc:subfield>
      <marc:subfield code="c">Groupe de travail sur les interventions d'urgence.</marc:subfield>
    </marc:datafield>
    <marc:datafield tag="775" ind1="0" ind2="8">
      <marc:subfield code="t">Transport Canada Emergency Response Task Force </marc:subfield>
      <marc:subfield code="w">(CaOODSP)9.821879</marc:subfield>
    </marc:datafield>
    <marc:datafield tag="856" ind1="4" ind2="0">
      <marc:subfield code="q">PDF</marc:subfield>
      <marc:subfield code="s">6.17 Mo</marc:subfield>
      <marc:subfield code="u">https://publications.gc.ca/collections/collection_2017/tc/T86-18-2016-fra.pdf</marc:subfield>
    </marc:datafield>
    <marc:datafield tag="986" ind1=" " ind2=" ">
      <marc:subfield code="a">15343F</marc:subfield>
    </marc:datafield>
  </marc:record>
</marc:collection>
